| 000 | 00671nam a22002177a 4500 | ||
|---|---|---|---|
| 005 | 20150326122632.0 | ||
| 008 | 140714b xxu||||| |||| 00| 0 Urdu d | ||
| 010 | _aUR-8797 | ||
| 020 | q |
_c200.00 _a9788190354530 |
|
| 035 | _aU-7352 | ||
| 037 | _bDBAD/Pub. | ||
| 040 |
_aDPL _bUrdu |
||
| 082 | _a841 | ||
| 100 | _aر فيق ا حمد ر فيق | ||
| 245 |
_aحر ف ہنر :شا عر ی _bر فيق ا حمد ر فيق |
||
| 246 |
_aHarf-e-Hunar _bBy Rafeeq Ahmed Rafeeq |
||
| 260 |
_aRajisthan _bZaki Adib _c2013 |
||
| 270 |
_aMastan Road Mohlla Bhushtian _bBikaner _e334005 |
||
| 300 |
_a128ص _b22C.m.(PB) |
||
| 942 |
_2ddc _cUR _h841 _mر ف ی |
||
| 999 |
_c92546 _d92546 |
||